000 00774nam a22002417a 4500
003 UA-OsUOA
001 114659
007 ta
008 20151116b un ||||| |||| 00| 0 ukr d
100 _aКорнієнко Н.
090 _a7.072.2:792
_bК67
942 _cBK
040 _aUA-OsUOA
_bukr
_cUA-OsUOA
_dUA-OsUOA
245 _aНелінійне театро (мистецтво) знавство: постнекласичний ландшафт. Від Фауста до Протея
_bмонографія
300 _a264 с.
955 _a1
041 _aukr
080 _a7.072.2:792
020 _a978-966-542-543-4
260 _aК.
_bАльтерпрес
_c2013
650 7 _a7.0 Загальні питання мистецтва
_2UDC
999 _c400798
_d400798